[Event "Olimpiada Calviá 2004 Femenina"]
[Site "Calviá ESP"]
[Date "2004.10.28"]
[Round "13.18"]
[White "Popova, Natalija"]
[Black "Khamrakulova, Ulduz"]
[Result "1/2-1/2"]
[WhiteElo "2246"]
[BlackElo "2123"]
[PlyCount "62"]
[EventDate "2004.10.15"]
[EventType "team"]
[EventRounds "14"]
[EventCountry "ESP"]
[Source "lmi"]
[SourceDate "2004.10.27"]

1. e4 c6 2. d4 d5 3. Nc3 dxe4 4. Nxe4 Nd7 5. Bd3 Ngf6 6. Ng5 e6 7. Qe2 Bd6 8.
N1f3 h6 9. Ne4 Nxe4 10. Qxe4 Nf6 11. Qh4 Ke7 12. Ne5 Bxe5 13. dxe5 Qa5+ 14. c3
Qxe5+ 15. Be3 b6 16. O-O-O g5 17. Qg3 Qxg3 18. hxg3 Bb7 19. f3 c5 20. c4 Nd7
21. Bd2 Ne5 22. Bc3 Nxd3+ 23. Rxd3 f6 24. Rhd1 Bc6 25. f4 Rac8 26. R1d2 Rhe8
27. Rf2 Rf8 28. b4 a6 29. bxc5 bxc5 30. Rfd2 Rfe8 31. Rd6 f5 1/2-1/2

[Event "Olimpiada Calviá 2004 Femenina"]
[Site "Calviá ESP"]
[Date "2004.10.28"]
[Round "13.31"]
[White "Sabah Moslem, Raneen"]
[Black "Mouradian, Knarik"]
[Result "0-1"]
[WhiteElo "1912"]
[BlackElo "2119"]
[PlyCount "88"]
[EventDate "2004.10.15"]
[EventType "team"]
[EventRounds "14"]
[EventCountry "ESP"]
[Source "lmi"]
[SourceDate "2004.10.27"]

1. e4 c5 2. c3 d6 3. d4 Nf6 4. Bd3 Nc6 5. Ne2 e5 6. d5 Ne7 7. f3 Ng6 8. Bb5+
Bd7 9. Bxd7+ Qxd7 10. Be3 Be7 11. O-O O-O 12. Qc2 Rfe8 13. Nd2 b5 14. c4 a6 15.
b3 Nh5 16. Rfe1 Ngf4 17. Nxf4 exf4 18. Bf2 Bf6 19. Rac1 b4 20. Nb1 Be5 21. Re2
g5 22. Be1 Kh8 23. Kh1 Rg8 24. h3 Nf6 25. Rf2 h5 26. Qd2 Rg7 27. Qd3 Rag8 28.
Rfc2 g4 29. Bh4 Nh7 30. hxg4 hxg4 31. g3 gxf3 32. Qxf3 fxg3 33. Kg2 Qg4 34. Rh1
Qxf3+ 35. Kxf3 Rg4 36. Be7 g2 37. Rg1 Rg3+ 38. Ke2 Bd4 39. Rcc1 R3g4 40. Rcd1
R4g6 41. Kf3 Ng5+ 42. Bxg5 Rxg5 43. Ke2 Rg4 44. Kf3 Kh7 0-1

[Event "Olimpiada Calviá 2004"]
[Site "Calviá ESP"]
[Date "2004.10.29"]
[Round "14.1"]
[White "Dorfman, Josif D"]
[Black "Moiseenko, Alexander"]
[Result "1/2-1/2"]
[WhiteElo "2596"]
[BlackElo "2653"]
[PlyCount "72"]
[EventDate "2004.10.15"]
[EventType "team"]
[EventRounds "14"]
[EventCountry "ESP"]
[Source "lmi"]
[SourceDate "2004.10.27"]

1. Nf3 c5 2. c4 Nc6 3. d4 cxd4 4. Nxd4 e6 5. Nc3 Bb4 6. Ndb5 Nf6 7. Bf4 O-O 8.
Bd6 Bxd6 9. Nxd6 Qb6 10. Qd2 Nd4 11. O-O-O Qxd6 12. Qxd4 Qxd4 13. Rxd4 Rd8 14.
g3 b6 15. Bg2 Rb8 16. b3 Bb7 17. Bxb7 Rxb7 18. e4 Kf8 19. e5 Ne8 20. Rhd1 Ke7
21. f4 d6 22. Kc2 Rbd7 23. exd6+ Rxd6 24. Nb5 Rxd4 25. Rxd4 a6 26. Rxd8 Kxd8
27. Nc3 Kd7 28. Kd3 f6 29. Ne4 h5 30. b4 Nd6 31. Nxd6 Kxd6 32. Kd4 Kc6 33. h3
Kd6 34. Ke4 Kc6 35. g4 hxg4 36. hxg4 Kd6 1/2-1/2

[Event "Olimpiada Calviá 2004"]
[Site "Calviá ESP"]
[Date "2004.10.29"]
[Round "14.5"]
[White "Nogueiras, Jesus"]
[Black "Huzman, Alexander"]
[Result "0-1"]
[WhiteElo "2546"]
[BlackElo "2581"]
[PlyCount "76"]
[EventDate "2004.10.15"]
[EventType "team"]
[EventRounds "14"]
[EventCountry "ESP"]
[Source "lmi"]
[SourceDate "2004.10.27"]

1. d4 Nf6 2. Nf3 d5 3. c4 e6 4. e3 Be7 5. Nbd2 O-O 6. b3 c5 7. Bb2 cxd4 8. Nxd4
Ne4 9. Nxe4 dxe4 10. Be2 Qa5+ 11. Kf1 a6 12. a3 Qc7 13. b4 b6 14. Rc1 Bb7 15.
f4 exf3 16. gxf3 Nd7 17. Rg1 Nf6 18. Rg2 Rac8 19. Qc2 Rfd8 20. Kf2 Nh5 21. Rcg1
Bf6 22. Bd3 h6 23. Be2 Qe7 24. Rg4 Kh8 25. f4 Rg8 26. Nf3 Bxb2 27. Qxb2 Nf6 28.
Rh4 Bxf3 29. Kxf3 Rcd8 30. Qe5 Rd2 31. Rh3 Rgd8 32. Kf2 Rc2 33. Kf1 Rdd2 34.
Rg2 Qd8 35. Qa1 Rxe2 36. Rxe2 Qd3 37. Qe1 Qxc4 38. Kf2 Rc1 0-1

[Event "Olimpiada Calviá 2004"]
[Site "Calviá ESP"]
[Date "2004.10.29"]
[Round "14.8"]
[White "Papaioannou, Ioannis"]
[Black "Gashimov, Vugar"]
[Result "1/2-1/2"]
[WhiteElo "2577"]
[BlackElo "2586"]
[PlyCount "90"]
[EventDate "2004.10.15"]
[EventType "team"]
[EventRounds "14"]
[EventCountry "ESP"]
[Source "lmi"]
[SourceDate "2004.10.27"]

1. Nf3 c5 2. c4 e6 3. g3 Nf6 4. Bg2 d5 5. d4 dxc4 6. O-O Nc6 7. dxc5 Qxd1 8.
Rxd1 Bxc5 9. Nbd2 c3 10. bxc3 Bd7 11. Nb3 Be7 12. c4 O-O 13. Bb2 Rfd8 14. Ne5
Rac8 15. Nxc6 Bxc6 16. Bxc6 Rxc6 17. Na5 Rxd1+ 18. Rxd1 Ra6 19. Nxb7 Rxa2 20.
Rb1 Ne4 21. Bd4 Nd2 22. Rc1 Nb3 23. Rd1 h5 24. Be3 a5 25. c5 Rc2 26. Rd7 Bf6
27. Rc7 Kh7 28. Rc8 h4 29. gxh4 Bd4 30. Nxa5 Bxe3 31. Nxb3 Rc3 32. fxe3 Rxb3
33. Kf2 Rb4 34. h5 Rh4 35. Kg3 Rxh5 36. e4 Kg6 37. h4 Kf6 38. c6 Rc5 39. Kf4
e5+ 40. Kg4 Rc4 41. Kf3 Rc3+ 42. Kf2 g6 43. e3 Rc2+ 44. Kf3 Rc4 45. c7 Rc2
1/2-1/2

[Event "Olimpiada Calviá 2004"]
[Site "Calviá ESP"]
[Date "2004.10.29"]
[Round "14.8"]
[White "Mastrovasilis, Dimitrios"]
[Black "Ibrahimov, Rasul"]
[Result "1-0"]
[WhiteElo "2574"]
[BlackElo "2505"]
[PlyCount "115"]
[EventDate "2004.10.15"]
[EventType "team"]
[EventRounds "14"]
[EventCountry "ESP"]
[Source "lmi"]
[SourceDate "2004.10.27"]

1. e4 c5 2. Nf3 d6 3. d4 Nf6 4. Nc3 cxd4 5. Nxd4 a6 6. Be3 e6 7. f3 b5 8. Qd2
Nbd7 9. g4 Nb6 10. Qf2 Nfd7 11. O-O-O Bb7 12. Bd3 Rc8 13. Nce2 Qc7 14. Kb1 d5
15. e5 Nc4 16. f4 Nxe3 17. Qxe3 Be7 18. h4 Nc5 19. g5 g6 20. h5 Kd7 21. Rh3 b4
22. Rdh1 Rhg8 23. hxg6 hxg6 24. Rh7 Rcf8 25. R1h6 Nxd3 26. cxd3 Qd8 27. Nb3 Qc7
28. Rh1 Rc8 29. Rxf7 Ke8 30. Rhh7 Qc2+ 31. Ka1 Rc7 32. Qc1 Qxc1+ 33. Nbxc1 Bc8
34. Nb3 Rd7 35. Kb1 Bf8 36. Rxd7 Bxd7 37. Ned4 Be7 38. Kc2 Rf8 39. Ne2 Rf7 40.
Rh6 Rg7 41. Rh8+ Kf7 42. Ra8 Rh7 43. Ra7 Rh2 44. Nbd4 Bc5 45. Rxd7+ Ke8 46. Rd6
Bxd6 47. exd6 Kd7 48. Kd2 Rh3 49. Ng1 Rh2+ 50. Nde2 Kxd6 51. Nf3 Rh8 52. Ne5
Rg8 53. Nd4 a5 54. b3 a4 55. bxa4 Ra8 56. Kc2 Rxa4 57. Kb3 Ra3+ 58. Kb2 1-0

[Event "Olimpiada Calviá 2004"]
[Site "Calviá ESP"]
[Date "2004.10.29"]
[Round "14.10"]
[White "Navara, David"]
[Black "Van Wely, Loek"]
[Result "0-1"]
[WhiteElo "2620"]
[BlackElo "2681"]
[PlyCount "130"]
[EventDate "2004.10.15"]
[EventType "team"]
[EventRounds "14"]
[EventCountry "ESP"]
[Source "lmi"]
[SourceDate "2004.10.27"]

1. e4 c5 2. Nf3 Nc6 3. Bb5 g6 4. Bxc6 dxc6 5. d3 Bg7 6. h3 Nh6 7. Nc3 b6 8. Be3
f6 9. a3 Nf7 10. Nd2 f5 11. exf5 gxf5 12. f4 Qd6 13. Nf3 Rg8 14. Qd2 Be6 15.
O-O-O O-O-O 16. Rhe1 Bxc3 17. bxc3 c4 18. Kb2 Qd5 19. Ng5 Nxg5 20. fxg5 cxd3
21. cxd3 Qb5+ 22. Ka1 Bb3 23. Rb1 Qa4 24. Qb2 Bc2 25. Qb4 Qa6 26. Rbc1 Bxd3 27.
Bf4 c5 28. Qb2 Qc4 29. g3 Be4 30. Qa2 Qxa2+ 31. Kxa2 e5 32. Bxe5 Rxg5 33. Rcd1
Rgg8 34. Kb2 h5 35. Kc1 Bf3 36. Rxd8+ Rxd8 37. Bf4 Kb7 38. Re5 Rd1+ 39. Kb2 Be4
40. g4 hxg4 41. hxg4 Rb1+ 42. Ka2 Rf1 43. Re7+ Kc6 44. Bb8 Bd5+ 45. Kb2 fxg4
46. Rg7 Be6 47. Bxa7 Rf2+ 48. Kc1 g3 49. Rxg3 Kb7 50. Rg6 Bf7 51. Rxb6+ Kxa7
52. Rb5 c4 53. Rb4 Ka6 54. Ra4+ Kb5 55. Ra8 Bd5 56. a4+ Kc5 57. Rc8+ Bc6 58.
Kb1 Rf7 59. Rg8 Ra7 60. Kb2 Rxa4 61. Rg5+ Bd5 62. Rf5 Ra8 63. Rh5 Kd6 64. Rg5
Rb8+ 65. Kc2 Rg8 0-1

[Event "Olimpiada Calviá 2004"]
[Site "Calviá ESP"]
[Date "2004.10.29"]
[Round "14.10"]
[White "Sokolov, Ivan"]
[Black "Hracek, Zbynek"]
[Result "1/2-1/2"]
[WhiteElo "2663"]
[BlackElo "2595"]
[PlyCount "62"]
[EventDate "2004.10.15"]
[EventType "team"]
[EventRounds "14"]
[EventCountry "ESP"]
[Source "lmi"]
[SourceDate "2004.10.27"]

1. d4 Nf6 2. c4 e6 3. Nf3 b6 4. a3 Bb7 5. Nc3 d5 6. cxd5 Nxd5 7. Qc2 Nxc3 8.
bxc3 Be7 9. e4 O-O 10. Bd3 c5 11. O-O Qc7 12. Qe2 Nd7 13. Bb2 Rac8 14. Nd2 Nf6
15. f4 b5 16. Rf3 g6 17. Kh1 Nh5 18. Raf1 c4 19. Bc2 f5 20. Bc1 Nf6 21. Re3
Rce8 22. h3 Qd7 23. Re1 Nh5 24. Rf1 fxe4 25. Nxe4 Nxf4 26. Qg4 Bxe4 27. Rxe4
Nxh3 28. Ree1 Nf2+ 29. Rxf2 Rxf2 30. Bxg6 hxg6 31. Qxg6+ Kh8 1/2-1/2

[Event "Olimpiada Calviá 2004"]
[Site "Calviá ESP"]
[Date "2004.10.29"]
[Round "14.10"]
[White "Babula, Vlastimil"]
[Black "Timman, Jan H"]
[Result "1/2-1/2"]
[WhiteElo "2571"]
[BlackElo "2602"]
[PlyCount "86"]
[EventDate "2004.10.15"]
[EventType "team"]
[EventRounds "14"]
[EventCountry "ESP"]
[Source "lmi"]
[SourceDate "2004.10.27"]

1. d4 Nf6 2. c4 e6 3. Nf3 b6 4. g3 Ba6 5. Qa4 Bb7 6. Bg2 c5 7. O-O cxd4 8. Nxd4
Bxg2 9. Kxg2 Qc7 10. Rd1 a6 11. f3 Be7 12. Nb5 Qc6 13. Nd6+ Bxd6 14. Qxc6 Nxc6
15. Rxd6 b5 16. Na3 Ke7 17. Rd1 bxc4 18. Nxc4 d5 19. Nb6 Rab8 20. Na4 Rhc8 21.
Bf4 e5 22. Bg5 d4 23. Rac1 h6 24. Bd2 Nd5 25. Rc5 Kd6 26. Rdc1 Nce7 27. b3 Rxc5
28. Nxc5 Nc6 29. Ne4+ Kd7 30. g4 a5 31. Rc5 Ndb4 32. a3 Na6 33. Rd5+ Ke7 34.
Rd6 Rc8 35. Bxa5 Nxa5 36. Rxa6 Nxb3 37. Ra7+ Ke6 38. Ra6+ Kd7 39. g5 Nc5 40.
Rd6+ Ke7 41. Rd5 Ne6 42. Rxe5 hxg5 43. Rb5 Rc2 1/2-1/2

[Event "Olimpiada Calviá 2004"]
[Site "Calviá ESP"]
[Date "2004.10.29"]
[Round "14.13"]
[White "Felgaer, Ruben"]
[Black "Aleksandrov, Aleksej"]
[Result "1/2-1/2"]
[WhiteElo "2569"]
[BlackElo "2659"]
[PlyCount "34"]
[EventDate "2004.10.15"]
[EventType "team"]
[EventRounds "14"]
[EventCountry "ESP"]
[Source "lmi"]
[SourceDate "2004.10.27"]

1. e4 e5 2. Nf3 Nc6 3. Bc4 Bc5 4. c3 Nf6 5. d3 a6 6. O-O d6 7. Bb3 Ba7 8. Nbd2
O-O 9. h3 Be6 10. Re1 Re8 11. Nf1 h6 12. Be3 Bxe3 13. Nxe3 Bxb3 14. Qxb3 Rb8
15. Rad1 Qd7 16. Nh2 Nh5 17. Nhg4 Nf4 1/2-1/2

[Event "Olimpiada Calviá 2004"]
[Site "Calviá ESP"]
[Date "2004.10.29"]
[Round "14.13"]
[White "Ricardi, Pablo"]
[Black "Kovalev, Andrei"]
[Result "1/2-1/2"]
[WhiteElo "2548"]
[BlackElo "2575"]
[PlyCount "57"]
[EventDate "2004.10.15"]
[EventType "team"]
[EventRounds "14"]
[EventCountry "ESP"]
[Source "lmi"]
[SourceDate "2004.10.27"]

1. d4 Nf6 2. c4 g6 3. Nc3 Bg7 4. e4 d6 5. Nf3 O-O 6. Be2 e5 7. dxe5 dxe5 8.
Qxd8 Rxd8 9. Bg5 Re8 10. O-O-O h6 11. Be3 c6 12. Ne1 Ng4 13. Bxg4 Bxg4 14. f3
Be6 15. b3 Na6 16. Nd3 b6 17. Kc2 Red8 18. a3 Rac8 19. g4 f6 20. h4 g5 21. Ne2
Rd7 22. Nb4 Nb8 23. Rxd7 Nxd7 24. Kb2 Bf8 25. Nd3 Rd8 26. Ng3 Nb8 27. Kc3 c5
28. hxg5 hxg5 29. Nf5 1/2-1/2

[Event "Olimpiada Calviá 2004"]
[Site "Calviá ESP"]
[Date "2004.10.29"]
[Round "14.13"]
[White "Zhigalko, Andrey"]
[Black "Sorin, Ariel"]
[Result "1-0"]
[WhiteElo "2515"]
[BlackElo "2509"]
[PlyCount "139"]
[EventDate "2004.10.15"]
[EventType "team"]
[EventRounds "14"]
[EventCountry "ESP"]
[Source "lmi"]
[SourceDate "2004.10.27"]

1. e4 e5 2. Nf3 Nc6 3. Bb5 a6 4. Ba4 Nf6 5. O-O Nxe4 6. d4 b5 7. Bb3 d5 8. dxe5
Be6 9. Be3 Be7 10. c3 Qd7 11. Nbd2 Rd8 12. Re1 O-O 13. Bc2 f5 14. exf6 Nxf6 15.
a4 Bf5 16. Bxf5 Qxf5 17. Qe2 Rb8 18. axb5 axb5 19. Ra6 Qd7 20. Bf4 Ne4 21. g3
g5 22. Be3 g4 23. Nd4 Nxd2 24. Qxd2 Ne5 25. Bh6 Nf3+ 26. Nxf3 Rxf3 27. Qd4 Bf8
28. Rae6 Rf7 29. Qxg4+ Kh8 30. Qd4+ Kg8 31. Bxf8 Rbxf8 32. R1e5 Rd8 33. Rg5+
Rg7 34. Rxg7+ Qxg7 35. Qxg7+ Kxg7 36. Re7+ Kg6 37. Rxc7 d4 38. Rc6+ Kg7 39.
cxd4 Rxd4 40. Rc3 b4 41. Rc7+ Kg6 42. Rb7 h5 43. Rb5 Rc4 44. h4 Rd4 45. Kf1 Re4
46. Rg5+ Kh6 47. Rf5 Kg6 48. Rf3 Rc4 49. Ke1 Rc2 50. Rb3 Rc4 51. Kd2 Kf5 52. f3
Ke5 53. Re3+ Kf5 54. b3 Rc8 55. Re4 Rd8+ 56. Ke3 Rb8 57. g4+ Kg6 58. Kd3 Rf8
59. Re6+ Kg7 60. Ke4 Rh8 61. g5 Rb8 62. f4 Rc8 63. Rb6 Rc3 64. Rxb4 Rh3 65. Kf5
Rxh4 66. Rb7+ Kf8 67. g6 Rg4 68. Rh7 Rg3 69. Kf6 Kg8 70. Rb7 1-0

[Event "Olimpiada Calviá 2004"]
[Site "Calviá ESP"]
[Date "2004.10.29"]
[Round "14.14"]
[White "Torre, Eugenio"]
[Black "Almasi, Zoltan"]
[Result "1/2-1/2"]
[WhiteElo "2518"]
[BlackElo "2650"]
[PlyCount "53"]
[EventDate "2004.10.15"]
[EventType "team"]
[EventRounds "14"]
[EventCountry "ESP"]
[Source "lmi"]
[SourceDate "2004.10.27"]

1. d4 Nf6 2. Nf3 e6 3. Bg5 h6 4. Bh4 c5 5. e3 b6 6. c3 Bb7 7. Nbd2 Be7 8. Bd3
cxd4 9. cxd4 O-O 10. O-O Nc6 11. a3 d5 12. Rc1 Rc8 13. Qe2 Ne4 14. Bxe7 Nxe7
15. Bb5 Ng6 16. Ba6 Nxd2 17. Nxd2 Qd7 18. Bd3 Ne7 19. Nf3 f6 20. Qd2 Qd6 21.
Rxc8 Rxc8 22. Rc1 Kf7 23. Rxc8 Bxc8 24. Qc3 Bd7 25. g3 Qc6 26. Qxc6 Bxc6 27.
Kf1 1/2-1/2

[Event "Olimpiada Calviá 2004"]
[Site "Calviá ESP"]
[Date "2004.10.29"]
[Round "14.14"]
[White "Berkes, Ferenc"]
[Black "Antonio, Rogelio"]
[Result "1/2-1/2"]
[WhiteElo "2630"]
[BlackElo "2524"]
[PlyCount "94"]
[EventDate "2004.10.15"]
[EventType "team"]
[EventRounds "14"]
[EventCountry "ESP"]
[Source "lmi"]
[SourceDate "2004.10.27"]

1. b3 d5 2. e3 c5 3. Bb2 Nc6 4. f4 Nf6 5. Nf3 Bg4 6. h3 Bxf3 7. Qxf3 e6 8. g4
Ne4 9. h4 Qa5 10. Bd3 Nd6 11. a3 Qb6 12. Nc3 c4 13. Be2 cxb3 14. Na4 Qd8 15.
cxb3 Be7 16. g5 O-O 17. Rc1 Rc8 18. Bd3 Nf5 19. b4 Qd7 20. Nc5 Bxc5 21. Rxc5
Nce7 22. Rxc8 Rxc8 23. Kf2 Qa4 24. Rb1 Nd6 25. h5 Nef5 26. Qd1 Qd7 27. Rc1 Ne4+
28. Bxe4 dxe4 29. Rxc8+ Qxc8 30. Qa4 Qd8 31. Ke1 h6 32. gxh6 Qh4+ 33. Kd1 Qxh5+
34. Kc1 Nxh6 35. Qxa7 Qd5 36. Qb8+ Kh7 37. Qc7 Kg6 38. a4 Nf5 39. b5 f6 40. Qc3
Nd6 41. Kc2 Kf5 42. Qd4 Qxd4 43. Bxd4 g5 44. fxg5 fxg5 45. Kd1 g4 46. Ke2 g3
47. Kf1 Nc4 1/2-1/2

[Event "Olimpiada Calviá 2004"]
[Site "Calviá ESP"]
[Date "2004.10.29"]
[Round "14.14"]
[White "Paragua, Mark"]
[Black "Ruck, Robert"]
[Result "1-0"]
[WhiteElo "2534"]
[BlackElo "2562"]
[PlyCount "123"]
[EventDate "2004.10.15"]
[EventType "team"]
[EventRounds "14"]
[EventCountry "ESP"]
[Source "lmi"]
[SourceDate "2004.10.27"]

1. e4 c6 2. c4 d5 3. exd5 cxd5 4. cxd5 Nf6 5. Nc3 Nxd5 6. Nf3 Nxc3 7. bxc3 g6
8. d4 Bg7 9. Bd3 O-O 10. O-O Nc6 11. Re1 Bg4 12. Be4 Qa5 13. Bd2 e6 14. Rb1
Rab8 15. a4 a6 16. h3 Bxf3 17. Bxf3 Qc7 18. Qc1 b5 19. axb5 Rxb5 20. Rxb5 axb5
21. Bf4 Qb6 22. Qa3 b4 23. Qa4 Rc8 24. Rb1 e5 25. dxe5 Nxe5 26. cxb4 Nxf3+ 27.
gxf3 Bd4 28. Bg3 Kg7 29. b5 Rc3 30. Rd1 Bf6 31. Rd6 Qc5 32. Qf4 Qf5 33. Qxf5
gxf5 34. b6 Rb3 35. Bf4 Rb2 36. Be3 f4 37. Bd2 Rb1+ 38. Kg2 Be5 39. Rd5 Kf6 40.
Ba5 Ke6 41. Rc5 Bd6 42. Rh5 Be5 43. Rh6+ Kf5 44. Rxh7 Kg6 45. Rh4 Rb5 46. Bd2
Rxb6 47. Bxf4 Bxf4 48. Rxf4 Rb1 49. Rg4+ Kf5 50. h4 Rb8 51. Kg3 Rb1 52. h5 Rh1
53. Rh4 Rg1+ 54. Kh2 Rg7 55. h6 Rh7 56. Kg3 Kg5 57. f4+ Kg6 58. Kf3 Kf5 59. Rh2
Kg6 60. Ke4 f6 61. Rg2+ Kf7 62. Rg7+ 1-0

[Event "Olimpiada Calviá 2004"]
[Site "Calviá ESP"]
[Date "2004.10.29"]
[Round "14.15"]
[White "San Segundo, Carrillo Pablo"]
[Black "Rogers, Ian"]
[Result "1/2-1/2"]
[WhiteElo "2516"]
[BlackElo "2593"]
[PlyCount "86"]
[EventDate "2004.10.15"]
[EventType "team"]
[EventRounds "14"]
[EventCountry "ESP"]
[Source "lmi"]
[SourceDate "2004.10.27"]

1. d4 g6 2. c4 Bg7 3. e4 d6 4. Nc3 e5 5. dxe5 dxe5 6. Qxd8+ Kxd8 7. f4 c6 8.
Nf3 Nd7 9. Be2 Ke8 10. O-O f6 11. Rb1 Nh6 12. fxe5 Nxe5 13. Nxe5 fxe5 14. b4
Rf8 15. Rd1 Nf7 16. b5 Nd8 17. bxc6 bxc6 18. Be3 Rf7 19. Na4 Ne6 20. Bg4 Nd4
21. Bxc8 Rxc8 22. Rd2 Rd8 23. Rdb2 Bf8 24. h3 Ba3 25. Rb8 Bd6 26. Rxd8+ Kxd8
27. Rb2 Kc7 28. Rf2 Rxf2 29. Kxf2 Ba3 30. Bd2 Kd6 31. Ke3 Ne6 32. g3 Ng5 33. h4
Ne6 34. Kd3 Bc5 35. Nxc5 Nxc5+ 36. Ke3 Nd7 37. Bb4+ Ke6 38. g4 h6 39. Ba3 a6
40. Bb4 h5 41. gxh5 gxh5 42. Kd3 Nf6 43. Bc5 Nd7 1/2-1/2

[Event "Olimpiada Calviá 2004"]
[Site "Calviá ESP"]
[Date "2004.10.29"]
[Round "14.15"]
[White "Johansen, Darryl K"]
[Black "Moreno Carnero, Javier"]
[Result "1/2-1/2"]
[WhiteElo "2483"]
[BlackElo "2512"]
[PlyCount "35"]
[EventDate "2004.10.15"]
[EventType "team"]
[EventRounds "14"]
[EventCountry "ESP"]
[Source "lmi"]
[SourceDate "2004.10.27"]

1. c4 g6 2. Nc3 Bg7 3. d4 d6 4. e4 Nf6 5. Be2 O-O 6. Bg5 h6 7. Be3 c5 8. d5 e6
9. Qd2 exd5 10. cxd5 Re8 11. f3 h5 12. h4 a6 13. a4 Nh7 14. Nh3 Qxh4+ 15. Nf2
Qe7 16. O-O-O b5 17. Rdg1 bxa4 18. Nxa4 1/2-1/2

[Event "Olimpiada Calviá 2004"]
[Site "Calviá ESP"]
[Date "2004.10.29"]
[Round "14.16"]
[White "Berend, Fred"]
[Black "Del Rio Angelis, Salvador G"]
[Result "1/2-1/2"]
[WhiteElo "2378"]
[BlackElo "2491"]
[PlyCount "71"]
[EventDate "2004.10.15"]
[EventType "team"]
[EventRounds "14"]
[EventCountry "ESP"]
[Source "lmi"]
[SourceDate "2004.10.27"]

1. e4 c5 2. Nf3 e6 3. Nc3 a6 4. d4 cxd4 5. Nxd4 b5 6. Bd3 Qb6 7. Be3 Bc5 8. Be2
Nc6 9. Nxc6 Bxe3 10. fxe3 dxc6 11. Qd4 Qxd4 12. exd4 e5 13. d5 Bb7 14. a4 b4
15. dxc6 Bxc6 16. Na2 a5 17. Bb5 Ne7 18. c3 O-O 19. O-O Rab8 20. cxb4 Bxb5 21.
axb5 axb4 22. Nxb4 Rxb5 23. Nd3 f5 24. exf5 e4 25. Rfe1 exd3 26. Rxe7 Rxb2 27.
Rd7 Rxf5 28. g4 Rf8 29. Raa7 Rc8 30. Rxg7+ Kf8 31. Rgf7+ Kg8 32. Rg7+ Kf8 33.
Raf7+ Ke8 34. Re7+ Kf8 35. Rgf7+ Kg8 36. Rg7+ 1/2-1/2

[Event "Olimpiada Calviá 2004"]
[Site "Calviá ESP"]
[Date "2004.10.29"]
[Round "14.17"]
[White "Iordachescu, Viorel"]
[Black "Marin, Mihail"]
[Result "1-0"]
[WhiteElo "2632"]
[BlackElo "2511"]
[PlyCount "149"]
[EventDate "2004.10.15"]
[EventType "team"]
[EventRounds "14"]
[EventCountry "ESP"]
[Source "lmi"]
[SourceDate "2004.10.27"]

1. e4 d6 2. d4 Nf6 3. Nc3 g6 4. Nf3 Bg7 5. Be2 O-O 6. O-O c6 7. h3 Nbd7 8. e5
Ne8 9. Re1 dxe5 10. dxe5 Nc7 11. Bf1 Ne6 12. a4 Qa5 13. Bd2 Qc7 14. Qe2 a5 15.
Qe4 b6 16. Bc4 Bb7 17. Rad1 Rad8 18. Bxe6 fxe6 19. Ng5 Nc5 20. Qh4 h6 21. Nf3
Rf5 22. Qg3 g5 23. h4 Nd7 24. hxg5 h5 25. Nh4 Rxe5 26. Bf4 Rxe1+ 27. Rxe1 e5
28. Be3 Nf8 29. Qf3 c5 30. Qxh5 e4 31. Nf5 e6 32. Nxg7 Qxg7 33. Rd1 Rxd1+ 34.
Qxd1 Qd7 35. Qg4 e5 36. Qh5 Qe6 37. b3 Bc6 38. Ne2 Be8 39. Qh4 Bg6 40. Nc3 Qc6
41. Qg3 Qd6 42. Qg4 Qd7 43. Qe2 Kg7 44. Qa6 Qc6 45. Nb1 Nd7 46. Nd2 Bf5 47. Kf1
Qg6 48. Qe2 Qh7 49. Kg1 Qg6 50. Nc4 Qe6 51. Bc1 Qg6 52. Qd2 Qe6 53. Bb2 Kh7 54.
Bc3 Bg6 55. Qd1 Kg8 56. Qe2 Kf7 57. Ne3 Ke7 58. Bb2 Kf7 59. Qd1 Qc6 60. Qg4 Qe6
61. Qh4 Kg8 62. c4 Nf8 63. Nd5 Nd7 64. Ne3 Qd6 65. Qh6 Qe6 66. Ng4 Bf7 67. Bxe5
Qxh6 68. Nxh6+ Kf8 69. Bd6+ Kg7 70. Nxf7 Kxf7 71. Kh2 Kg6 72. Be7 Ne5 73. Bd8
Nd3 74. Bxb6 Nxf2 75. Bxa5 1-0

[Event "Olimpiada Calviá 2004"]
[Site "Calviá ESP"]
[Date "2004.10.29"]
[Round "14.17"]
[White "Parligras, Mircea"]
[Black "Svetushkin, Dmitry"]
[Result "1-0"]
[WhiteElo "2559"]
[BlackElo "2568"]
[PlyCount "111"]
[EventDate "2004.10.15"]
[EventType "team"]
[EventRounds "14"]
[EventCountry "ESP"]
[Source "lmi"]
[SourceDate "2004.10.27"]

1. e4 c6 2. d4 d5 3. e5 Bf5 4. Nf3 e6 5. Be2 Nd7 6. O-O Bg6 7. Nbd2 Nh6 8. Nb3
Nf5 9. c3 a6 10. g4 Nh4 11. Nxh4 Qxh4 12. f4 f5 13. Be3 Qe7 14. g5 h6 15. h4
hxg5 16. hxg5 Qf7 17. Kg2 Bh5 18. Rh1 Bxe2 19. Qxe2 Rxh1 20. Rxh1 Be7 21. Na5
Rb8 22. Rh8+ Nf8 23. c4 Kd7 24. c5 Bd8 25. Nb3 Ng6 26. Rh5 Bc7 27. Kg3 Rh8 28.
Rxh8 Nxh8 29. Nc1 Ng6 30. b4 Qe8 31. Qh5 a5 32. a3 Ke7 33. Qe2 Kf7 34. Qb2 Qa8
35. Qa2 Ke7 36. Bg1 Kd7 37. Be3 Bd8 38. Qb3 Bc7 39. Qa2 b6 40. Qb2 axb4 41.
axb4 Qa4 42. Qb3 Qb5 43. Kf2 Kc8 44. Qa3 Kb7 45. Qc3 Qa4 46. Qb3 Qb5 47. Qc3
bxc5 48. bxc5 Ba5 49. Qb3 Bb4 50. Qa2 Qc4 51. Qb2 Qb5 52. Qa2 Qa6 53. Qe2 Qc4
54. Qb2 Ka6 55. Bd2 Bxd2 56. Qb6# 1-0

[Event "Olimpiada Calviá 2004"]
[Site "Calviá ESP"]
[Date "2004.10.29"]
[Round "14.18"]
[White "Ibraev, Nurlan"]
[Black "Ftacnik, Lubomir"]
[Result "1-0"]
[WhiteElo "2476"]
[BlackElo "2533"]
[PlyCount "145"]
[EventDate "2004.10.15"]
[EventType "team"]
[EventRounds "14"]
[EventCountry "ESP"]
[Source "lmi"]
[SourceDate "2004.10.27"]

1. d4 Nf6 2. c4 e6 3. Nf3 b6 4. g3 Ba6 5. Qb3 c5 6. d5 g6 7. Nc3 exd5 8. cxd5
Bg7 9. Bg2 O-O 10. O-O d6 11. Re1 Nbd7 12. Bf4 Qe7 13. h3 b5 14. Qa3 Bb7 15.
Nxb5 Ne4 16. Qe3 Bf6 17. Nd2 Nxd2 18. Qxe7 Bxe7 19. Bxd2 Nb6 20. e4 Nc4 21. Bh6
Rfc8 22. b3 Ne5 23. f4 Nd3 24. Red1 Ba6 25. a4 c4 26. bxc4 Nb2 27. Rdb1 Nxc4
28. e5 f6 29. Rc1 fxe5 30. Bf1 Nd2 31. fxe5 Nxf1 32. Rxf1 Bxb5 33. axb5 dxe5
34. Be3 Bc5 35. Bxc5 Rxc5 36. b6 Rxd5 37. Ra6 Rd7 38. Rfa1 Kf7 39. Rxa7 Rad8
40. Rb1 Re7 41. Rxe7+ Kxe7 42. b7 Rb8 43. Kf2 Kd6 44. Ke3 e4 45. Kxe4 Kc7 46.
Ke5 Re8+ 47. Kf6 Kb8 48. Rb3 Rd8 49. Kg7 Rd7+ 50. Kh6 Re7 51. h4 Rd7 52. Rb4
Re7 53. g4 Rf7 54. g5 Re7 55. Rf4 Kxb7 56. Rf8 Kc6 57. Rh8 Re4 58. Rxh7 Rxh4+
59. Kxg6 Rg4 60. Re7 Kd6 61. Re1 Rg2 62. Kf6 Rf2+ 63. Kg7 Rf3 64. g6 Rf2 65.
Kg8 Rg2 66. g7 Rh2 67. Re8 Rh1 68. Re4 Rh2 69. Kf7 Rf2+ 70. Kg6 Rg2+ 71. Kf6
Rg1 72. Rd4+ Kc6 73. Rd8 1-0

[Event "Olimpiada Calviá 2004"]
[Site "Calviá ESP"]
[Date "2004.10.29"]
[Round "14.18"]
[White "Manik, Mikulas"]
[Black "Gnusarev, Petr"]
[Result "1/2-1/2"]
[WhiteElo "2510"]
[BlackElo "2357"]
[PlyCount "27"]
[EventDate "2004.10.15"]
[EventType "team"]
[EventRounds "14"]
[EventCountry "ESP"]
[Source "lmi"]
[SourceDate "2004.10.27"]

1. e4 c5 2. Nf3 e6 3. d4 cxd4 4. Nxd4 Qb6 5. Nb3 Nc6 6. Nc3 Nf6 7. Bd3 Be7 8.
Be3 Qc7 9. f4 d6 10. Qf3 a6 11. O-O O-O 12. g4 b5 13. g5 Nd7 14. a3 1/2-1/2